Historia de las misiones de Caxamarquilla y reducción de la Manoa /
שמור ב:
| מחבר ראשי: | |
|---|---|
| מחברים אחרים: | , |
| פורמט: | ספר |
| שפה: | ספרדית |
| סדרה: | (Biblioteca Tenanitla, Libros Españoles e Hispanoamericanos ;
6) |
| נושאים: | |
| תגים: |
אין תגיות, היה/י הראשונ/ה לתייג את הרשומה!
|
MARC
| LEADER | 00000nam^a2200000^a^4500 | ||
|---|---|---|---|
| 001 | 000108961 | ||
| 005 | 20250521000000.0 | ||
| 009 | 20260310093704.503 | ||
| 037 | |a Acervo ITESO - Biblioteca | ||
| 041 | |a ESP | ||
| 082 | |a 985. 03 |b UNA | ||
| 100 | |a Unanúe, José Hipólito |e (autor) | ||
| 245 | 1 | 0 | |a Historia de las misiones de Caxamarquilla y reducción de la Manoa / |c J.H. Unanúe, M. Sobreviela ; introd. de F. de Lejarza. |
| 264 | |a Madrid, España : |b José Porrúa Turanzas, |c 1963 | ||
| 300 | |a 155 p. | ||
| 336 | |a texto |b txt |2 rdacontenido | ||
| 337 | |a sin mediación |b n |2 rdamedio | ||
| 338 | |a volumen |b nc |2 rdasoporte | ||
| 440 | 1 | |a (Biblioteca Tenanitla, Libros Españoles e Hispanoamericanos ; |v 6) | |
| 649 | |a XX | ||
| 650 | |a Misiones - |z Perú - |x Historia - |x Tema Principal | ||
| 650 | |a Franciscanos en Perú - |x Historia - |x Tema Principal | ||
| 650 | |a Monasticismo y Ordenes Religiosas - |z Perú - |x Historia | ||
| 650 | |a Iglesia Católica en Perú - |x Historia | ||
| 650 | |a Catolicismo - |z Perú - |x Historia | ||
| 650 | |a Cristianismo - |z Perú - |x Historia | ||
| 650 | |a Religión - |z Perú - |x Historia | ||
| 650 | |a Perú - |x Historia - |y Siglo XVIII | ||
| 650 | |a Perú - |x Historia - |y Epoca Colonial, 1542-1824 | ||
| 700 | |a Lejarza, Fidel de |e (introducción) | ||
| 700 | |a Sobreviela, Manuel |e (autor) | ||
| 910 | |a Fondo Jesús Rodríguez | ||
| 920 | |a Impresos - Libros | ||
| 930 | |a Fondos Especiales | ||
| 905 | |a 113 | ||
| 901 | |a 0500044666 |b IT2 |c ESP |u 20250521 | ||
| 902 | |a https://opac.biblio.iteso.mx/vufind/Record/000108961 | ||